Statistics for South Sudan First Level Subdivisions

Click here to take the quiz!

General Stats

  • This quiz has been taken 66 times
    (64 since last reset)
  • The average score is 7 of 13

Answer Stats

States% Correct
Unity
70%
Eastern Equatoria
65%
Lakes
65%
Upper Nile
65%
Western Equatoria
65%
Central Equatoria
55%
Northern Bahr el Ghazal
50%
Abyei
45%
Western Bahr el Ghazal
45%
Jonglei
40%
Pibor
40%
Warrap
40%
Ruweng
30%

Score Distribution

Percentile by Number Answered

Percent of People with Each Score

Your Score History

You have not taken this quiz since the last reset